| 000 | 00686nam a2200241 i 4500 | ||
|---|---|---|---|
| 001 | 20734 | ||
| 003 | ES-MaACL | ||
| 005 | 20230906152344.0 | ||
| 007 | t| | ||
| 008 | 021118s1977 sp |||| | spa d | ||
| 020 | _a84-253-0814-3 | ||
| 080 | _a331.88(460)U.G.T. | ||
| 110 | 2 |
_aUGT. _97030 |
|
| 245 | 1 | 0 |
_aActas de la Unión General de Trabajadores de España / _cprólogo y notas por Amaro del Rosal. |
| 250 | _a1ª ed. | ||
| 260 |
_aBarcelona : _bGrijalbo, _c1977. |
||
| 300 |
_a2 v. ; _c32 cm. |
||
| 505 | 8 | _aContiene: I. 1888-1892 - II. 1899-1904 | |
| 595 | _aEd. facsímil. | ||
| 610 | 2 | 4 |
_aUGT. _97030 |
| 700 | 1 |
_aRosal, Amaro del. _999632 |
|
| 852 | 4 |
_aES-MaACL _jP-1430 |
|
| 999 |
_c20734 _d20734 |
||